000 00550nam a2200205 a 4500
005 20210223121153.0
008 991125s1994 es 000 0 spa u
020 _a8420646555
035 _aUPN01000013302
049 _aF
050 4 _aND613 D3
_bS2.2
100 1 _aSánchez Vidal, Agustín
245 1 0 _aDalí /
_cAgustín Sánchez Vidal.
260 _aMadrid :
_bAlianza,
_c1994.
300 _a63 p. :
_bil.
440 0 _aAlianza cien
600 1 4 _aDALI, SALVADOR,
_d1904-1989
_912919
650 4 _aPINTORES ESPAÑOLES
_912920
905 _aLibro
999 _c13302
_d13302